<?xml version="1.0" encoding="UTF-8"?>
<record
    xmlns:xsi="http://www.w3.org/2001/XMLSchema-instance"
    xsi:schemaLocation="http://www.loc.gov/MARC21/slim http://www.loc.gov/standards/marcxml/schema/MARC21slim.xsd"
    xmlns="http://www.loc.gov/MARC21/slim">

  <leader>01582nam0a2200337   4500</leader>
  <controlfield tag="001">RU\NLR\BIBL_A\011364358</controlfield>
  <controlfield tag="005">20260406094719.0</controlfield>
  <datafield tag="010" ind1=" " ind2=" ">
    <subfield code="a">9785926822882</subfield>
    <subfield code="9">5500</subfield>
  </datafield>
  <datafield tag="021" ind1=" " ind2=" ">
    <subfield code="a">RU</subfield>
    <subfield code="b">2017-16180</subfield>
    <subfield code="9">1201</subfield>
  </datafield>
  <datafield tag="035" ind1=" " ind2=" ">
    <subfield code="a">(RuMoRGB)008819443</subfield>
  </datafield>
  <datafield tag="035" ind1=" " ind2=" ">
    <subfield code="a">(NLR Aleph) 011364358</subfield>
  </datafield>
  <datafield tag="090" ind1=" " ind2=" ">
    <subfield code="a">11316122</subfield>
    <subfield code="c">11316122</subfield>
  </datafield>
  <datafield tag="100" ind1=" " ind2=" ">
    <subfield code="a">20170410d2017    d  y0rusy50      ca</subfield>
  </datafield>
  <datafield tag="101" ind1="1" ind2=" ">
    <subfield code="a">rus</subfield>
    <subfield code="c">eng</subfield>
  </datafield>
  <datafield tag="102" ind1=" " ind2=" ">
    <subfield code="a">RU</subfield>
  </datafield>
  <datafield tag="105" ind1=" " ind2=" ">
    <subfield code="a">a   z   000ay</subfield>
  </datafield>
  <datafield tag="200" ind1="1" ind2=" ">
    <subfield code="a">&#x410;&#x43D;&#x433;&#x43B;&#x438;&#x439;&#x441;&#x43A;&#x438;&#x435; &#x43D;&#x430;&#x440;&#x43E;&#x434;&#x43D;&#x44B;&#x435; &#x441;&#x43A;&#x430;&#x437;&#x43A;&#x438; &#x438; &#x43B;&#x435;&#x433;&#x435;&#x43D;&#x434;&#x44B;</subfield>
    <subfield code="e">[&#x434;&#x43B;&#x44F; &#x434;&#x435;&#x442;&#x435;&#x439; &#x441;&#x440;&#x435;&#x434;&#x43D;&#x435;&#x433;&#x43E; &#x448;&#x43A;&#x43E;&#x43B;&#x44C;&#x43D;&#x43E;&#x433;&#x43E; &#x432;&#x43E;&#x437;&#x440;&#x430;&#x441;&#x442;&#x430;</subfield>
    <subfield code="f">&#x43F;&#x435;&#x440;&#x435;&#x432;&#x43E;&#x434; &#x441; &#x430;&#x43D;&#x433;&#x43B;&#x438;&#x439;&#x441;&#x43A;&#x43E;&#x433;&#x43E; &#x41D;&#x430;&#x442;&#x430;&#x43B;&#x44C;&#x438; &#x428;&#x435;&#x440;&#x435;&#x448;&#x435;&#x432;&#x441;&#x43A;&#x43E;&#x439;]</subfield>
    <subfield code="g">&#x445;&#x443;&#x434;&#x43E;&#x436;&#x43D;&#x438;&#x43A; &#x41D;&#x438;&#x43A;&#x430; &#x413;&#x43E;&#x43B;&#x44C;&#x446;</subfield>
  </datafield>
  <datafield tag="210" ind1=" " ind2=" ">
    <subfield code="a">&#x421;&#x430;&#x43D;&#x43A;&#x442;-&#x41F;&#x435;&#x442;&#x435;&#x440;&#x431;&#x443;&#x440;&#x433;</subfield>
    <subfield code="a">&#x41C;&#x43E;&#x441;&#x43A;&#x432;&#x430;</subfield>
    <subfield code="c">&#x420;&#x435;&#x447;&#x44C;</subfield>
    <subfield code="d">2017</subfield>
  </datafield>
  <datafield tag="215" ind1=" " ind2=" ">
    <subfield code="a">140, [2] &#x441;.</subfield>
    <subfield code="c">&#x438;&#x43B;.</subfield>
    <subfield code="d">27</subfield>
  </datafield>
  <datafield tag="225" ind1="1" ind2=" ">
    <subfield code="a">&#x41E;&#x431;&#x440;&#x430;&#x437; &#x420;&#x435;&#x447;&#x438;</subfield>
  </datafield>
  <datafield tag="327" ind1="0" ind2=" ">
    <subfield code="a">&#x421;&#x43E;&#x434;&#x435;&#x440;&#x436;.: &#x411;&#x438;&#x43D;&#x43D;&#x43E;&#x440;&#x438;; &#x412;&#x43E;&#x43B;&#x448;&#x435;&#x431;&#x43D;&#x430;&#x44F; &#x43C;&#x430;&#x437;&#x44C;; &#x412;&#x43E;&#x43B;&#x448;&#x435;&#x431;&#x43D;&#x44B;&#x439; &#x440;&#x43E;&#x433;; &#x420;&#x44B;&#x436;&#x438;&#x439; &#x42D;&#x442;&#x442;&#x438;&#x43D;; &#x414;&#x43E;&#x447;&#x44C; &#x433;&#x440;&#x430;&#x444;&#x430; &#x41C;&#x430;&#x440;&#x430;; &#x414;&#x436;&#x435;&#x43A; &#x438; &#x431;&#x43E;&#x431;&#x43E;&#x432;&#x44B;&#x439; &#x441;&#x442;&#x435;&#x431;&#x435;&#x43B;&#x44C;; &#x422;&#x440;&#x43E;&#x441;&#x442;&#x43D;&#x438;&#x43A;&#x43E;&#x432;&#x430; &#x448;&#x430;&#x43F;&#x43A;&#x430;; &#x414;&#x43E;&#x43C;&#x43E;&#x432;&#x43E;&#x439; &#x438;&#x437; &#x425;&#x438;&#x43B;&#x442;&#x43E;&#x43D;&#x430;; &#x423;&#x447;&#x435;&#x43D;&#x438;&#x43A; &#x447;&#x430;&#x440;&#x43E;&#x434;&#x435;&#x44F;; &#x414;&#x436;&#x435;&#x43A; - &#x41F;&#x43E;&#x431;&#x435;&#x434;&#x438;&#x442;&#x435;&#x43B;&#x44C; &#x412;&#x435;&#x43B;&#x438;&#x43A;&#x430;&#x43D;&#x43E;&#x432; [&#x438; &#x434;&#x440;.]</subfield>
  </datafield>
  <datafield tag="333" ind1=" " ind2=" ">
    <subfield code="a">12+</subfield>
  </datafield>
  <datafield tag="686" ind1=" " ind2=" ">
    <subfield code="a">&#x428;9(2)42(4&#x412;&#x43B;)</subfield>
    <subfield code="2">rubbk</subfield>
  </datafield>
  <datafield tag="686" ind1="0" ind2=" ">
    <subfield code="a">&#x428;9(4&#x412;&#x43B;)4-2</subfield>
  </datafield>
  <datafield tag="702" ind1=" " ind2="1">
    <subfield code="4">040</subfield>
    <subfield code="8">rus</subfield>
    <subfield code="7">ca</subfield>
    <subfield code="a">&#x413;&#x43E;&#x43B;&#x44C;&#x446;</subfield>
    <subfield code="b">&#x41D;. &#x413;.</subfield>
    <subfield code="f">1925-2012</subfield>
    <subfield code="g">&#x41D;&#x438;&#x43A;&#x430; &#x413;&#x435;&#x43E;&#x440;&#x433;&#x438;&#x435;&#x432;&#x43D;&#x430;</subfield>
    <subfield code="3">RU\NLR\AUTH\7769827</subfield>
    <subfield code="9">52755</subfield>
  </datafield>
  <datafield tag="942" ind1=" " ind2=" ">
    <subfield code="c">BOOK</subfield>
  </datafield>
  <datafield tag="980" ind1=" " ind2=" ">
    <subfield code="a">NBR</subfield>
  </datafield>
</record>
